| 000 | 00433cam a2200169ua 4500 | ||
|---|---|---|---|
| 020 | _c5.00 | ||
| 041 |
_aeng _h |
||
| 082 |
_a923.2 _bPAR/SA |
||
| 100 | _aParikh, Narhari D . | ||
| 245 |
_aSardar Vallbh bhai Patel, Vol 2 / _cNarhari D Parikh. _hTextual Documents |
||
| 260 |
_aAhmadabad : _bNavajivan publishing house , _c1956. |
||
| 300 | _a493 ; . | ||
| 365 | _a5.00 | ||
| 504 | _a | ||
| 942 | _cBK | ||
| 999 |
_c5999 _d5999 |
||